000 00395nam a2200145Ia 4500
008 231129s1981||||xx |||||||||||||| ||spa||
020 _a84-85609-89-1
040 _bspa
082 _a616.8583 L864s
100 _aLopez Ibor J.J.
245 0 _aSexo prohibido: desviaciones y perversiones
260 _c1981
264 _aEdiciones UVE
942 _2ddc
_cBKS
999 _c24528
_d24528